这些公交1路都在哪个城市?#1 In which city are these bus lines 1 located? #1 - Statistics

General Stats
  • This quiz has been taken 127 times
  • The average score is 7 of 15
Answer Stats
起点站 终点站 城市 % Correct
琼山中学 椰岛酒业 海口
95%
建康路·夫子庙 南堡公园 南京
91%
四惠枢纽站 老山公交场站 北京
83%
津塔公交站 览桥里 天津
66%
高朋公交站 昭觉寺公交站 成都
57%
布心总站 火车站 深圳
54%
东山总站(署前路) 芳村花园南门总站 广州
53%
芦沟桥路胜利街 建设大道双墩 武汉
41%
**火车站(北坪) 碧沙湖地铁站 长沙
32%
姚家 **火车站 大连
27%
车辆厂文化宫 港务局 哈尔滨
23%
下元 火车站 太原
21%
西门 白湖亭 福州
19%
火车站南港湾 华山路公交站 郑州
16%
**站 第二公共汽车公司 呼和浩特
10%
No matching quizzes found
Score Distribution
Percent of People with Each Score
Percentile by Number Answered
Your Score History
You have not taken this quiz